000 00246nam a2200085 4500
999 _c514956
_d514956
100 _aRajan, M.S.
_919978
245 _aUnited Nations and World politics: Essays from a nonalighned perspective
260 _aNew Delhi
_bHar-Anand
_c1995
300 _a343p.